[Event "British Universities-ch"]
[Site "Chess.com INT"]
[Date "2022.03.05"]
[Round "8.3"]
[White "Parrish, Oliver"]
[Black "Alcock, Joseph P"]
[Result "0-1"]
[WhiteElo "1863"]
[BlackElo "1563"]
[PlyCount "74"]
[EventDate "2022.03.05"]
[EventType "swiss"]
[EventRounds "9"]
[EventCountry "ENG"]
[SourceTitle "EXT 2023"]
[Source "ChessBase"]
[SourceDate "2022.10.05"]
[SourceVersion "1"]
[SourceVersionDate "2022.10.05"]
[SourceQuality "1"]
[WhiteTeam "Kent II"]
[BlackTeam "Lincoln"]
[WhiteTeamCountry "ENG"]
[BlackTeamCountry "ENG"]

1. e4 c5 2. d4 cxd4 3. c3 dxc3 4. Bc4 Nc6 5. Nf3 d6 6. Nxc3 Nf6 7. 0-0 e6 8. Bf4 Be7 9. Nb5 e5 10. Bg5 Nxe4 11. Qd5 Be6 12. Qxe4 d5 13. Bxe7 Nxe7 14. Qxe5 0-0 15. Nc7 dxc4 16. Nxa8 Qxa8 17. Nd4 Ng6 18. Qg3 Bd7 19. Rfe1 a6 20. Rad1 b5 21. Nf3 Bc6 22. Rd6 Qc8 23. Nd4 Bb7 24. Rb6 Rd8 25. Qc3 Nf4 26. Rxb7 Qxb7 27. Nf3 f6 28. Qe3 Nd3 29. Qe6+ Kf8 30. Rd1 Re8 31. Qd6+ Kf7 32. b3 a5 33. Kf1 Qe4 34. Ng5+ fxg5 35. Qc7+ Re7 36. f3 Qe2+ 37. Kg1 Qxd1# 0-1

[Event "British Universities-ch"]
[Site "Chess.com INT"]
[Date "2022.03.05"]
[Round "6.3"]
[White "Parrish, Oliver"]
[Black "Lang, Kieran"]
[Result "0-1"]
[WhiteElo "1863"]
[BlackElo "1166"]
[PlyCount "72"]
[EventDate "2022.03.05"]
[EventType "swiss"]
[EventRounds "9"]
[EventCountry "ENG"]
[SourceTitle "EXT 2023"]
[Source "ChessBase"]
[SourceDate "2022.10.05"]
[SourceVersion "1"]
[SourceVersionDate "2022.10.05"]
[SourceQuality "1"]
[WhiteTeam "Kent II"]
[BlackTeam "Warwick (En Passant) V"]
[WhiteTeamCountry "ENG"]
[BlackTeamCountry "ENG"]

1. e4 e5 2. d4 exd4 3. c3 dxc3 4. Bc4 cxb2 5. Bxb2 Nc6 6. Nc3 d6 7. Nf3 Be6 8. Bb5 Nf6 9. Nd5 a6 10. Bc4 Nxe4 11. 0-0 b5 12. Bb3 Na5 13. Bc2 Bxd5 14. Qxd5 Nf6 15. Rfe1+ Be7 16. Rxe7+ Kxe7 17. Re1+ Kf8 18. Qf5 Nc4 19. Bc3 c5 20. Nd2 Nxd2 21. Bxd2 Qd7 22. Qf3 Re8 23. Rxe8+ Qxe8 24. g4 h6 25. Qb7 a5 26. Bf5 g6 27. Bd3 b4 28. Bf4 d5 29. Bd6+ Kg7 30. Qc7 Qc8 31. Qxa5 Qxg4+ 32. Bg3 Qd1+ 33. Bf1 Qd4 34. Qa4 Ne4 35. Bc7 Qxf2+ 36. Kh1 Qxf1# 0-1